000 00332cam a22001097a 4500
008 180718b1954 xxu||||| |||| 00| 0 eng d
082 _aD78 In8/1954
100 _aInternational Labour Conference (37th session: 1954 Geneva)
245 _aTechnical assistance
260 _aGeneva
_bInternational Labour Office
_c1954
300 _a100+p.
999 _c490682
_d490682